Global Warming / (Record no. 62949)
[ view plain ]
| 000 -LEADER | |
|---|---|
| fixed length control field | 00531nam a22001817a 4500 |
| 005 - DATE AND TIME OF LATEST TRANSACTION | |
| control field | 20111212113139.0 |
| 020 ## - INTERNATIONAL STANDARD BOOK NUMBER | |
| International Standard Book Number | 9780431124865 |
| 037 ## - SOURCE OF ACQUISITION | |
| Source of stock number/acquisition | BPPD |
| 082 ## - DEWEY DECIMAL CLASSIFICATION NUMBER | |
| Edition number | 2nd ed. |
| Classification number | 363.73874 |
| 100 ## - MAIN ENTRY--PERSONAL NAME | |
| Personal name | Morgan,Sally |
| 245 ## - TITLE STATEMENT | |
| Title | Global Warming / |
| Statement of responsibility, etc | by Sally Morgan |
| 260 ## - PUBLICATION, DISTRIBUTION, ETC. (IMPRINT) | |
| Place of publication, distribution, etc | London |
| Name of publisher, distributor, etc | "Heinemann"Person Education |
| Date of publication, distribution, etc | 2009 |
| 270 ## - ADDRESS | |
| Address | 7 Pilgrim Steet,. |
| City | London |
| 300 ## - PHYSICAL DESCRIPTION | |
| Extent | 64p. |
| Other physical details | ill |
| Dimensions | 24cm(Hb) |
| 490 ## - SERIES STATEMENT | |
| Series statement | Science at the edge |
| -- | 42244 |
| 500 ## - GENERAL NOTE | |
| General note | Includes index |
| 942 ## - ADDED ENTRY ELEMENTS (KOHA) | |
| Source of classification or shelving scheme | Dewey Decimal Classification |
| Item type | Children Books |
| Call number suffix | MOR |
| Classification part | 363.73874 |
No items available.
